[Event "Fourmies op 37th"]
[Site "Fourmies"]
[Date "2013.05.20"]
[Round "7"]
[White "Feryn, Alexandre"]
[Black "Blondel, Jerome"]
[Result "1-0"]
[WhiteElo "2130"]
[BlackElo "1936"]
[PlyCount "33"]
[EventDate "2013.05.18"]
[EventType "swiss"]
[EventRounds "7"]
[EventCountry "FRA"]
[SourceTitle "CBM 154 Extra"]
[Source "ChessBase"]
[SourceDate "2013.06.25"]
[SourceVersion "2"]
[SourceVersionDate "2013.06.25"]
[SourceQuality "1"]

1. e4 d5 2. exd5 Qxd5 3. Nc3 Qd6 4. d4 Nf6 5. Be2 a6 6. Bf3 Nc6 7. Nge2 Bf5 8. Bf4 Qd7 9. a3 e6 10. 0-0 Bd6 11. Bxd6 Qxd6 12. Ng3 Bg6 13. d5 Ne5 14. dxe6 Qxd1 15. exf7+ Kxf7 16. Bxd1 Rad8 17. f4 1-0

[Event "La Fere op 11th"]
[Site "La Fere"]
[Date "2012.07.14"]
[Round "9"]
[White "Feryn, Alexandre"]
[Black "Obert, Julien"]
[Result "1-0"]
[WhiteElo "2114"]
[BlackElo "1810"]
[PlyCount "71"]
[EventDate "2012.07.07"]
[EventType "swiss"]
[EventRounds "9"]
[EventCountry "FRA"]
[SourceTitle "CBM 149 Extra"]
[Source "ChessBase"]
[SourceDate "2012.08.24"]
[SourceVersion "1"]
[SourceVersionDate "2012.08.24"]
[SourceQuality "1"]

1. e4 e6 2. d4 d5 3. Nc3 Nf6 4. e5 Nfd7 5. f4 c5 6. Nf3 Nc6 7. Be3 cxd4 8. Nxd4 Bc5 9. Qd2 a6 10. Be2 Nxd4 11. Bxd4 Bxd4 12. Qxd4 Qc7 13. 0-0 0-0 14. Kh1 b6 15. Rae1 Bb7 16. Bg4 Qc5 17. Qd3 Rae8 18. Rf3 g6 19. Rh3 Re7 20. Rhe3 Rfe8 21. R3e2 b5 22. Qh3 Qb4 23. Qh6 Qxb2 24. Nd1 Qb4 25. Nf2 Rc8 26. Rd1 Nf8 27. Bf3 Rec7 28. Ng4 Qe7 29. Nf6+ Kh8 30. Bg4 Rxc2 31. Re3 d4 32. Rg3 Rxa2 33. Bf3 Bxf3 34. Rxf3 Qb7 35. Rg3 Qe7 36. Rh3 1-0

[Event "La Fere op 11th"]
[Site "La Fere"]
[Date "2012.07.08"]
[Round "2"]
[White "Molet, Asher"]
[Black "Feryn, Alexandre"]
[Result "0-1"]
[WhiteElo "1844"]
[BlackElo "2114"]
[PlyCount "72"]
[EventDate "2012.07.07"]
[EventType "swiss"]
[EventRounds "9"]
[EventCountry "FRA"]
[SourceTitle "CBM 149 Extra"]
[Source "ChessBase"]
[SourceDate "2012.08.24"]
[SourceVersion "1"]
[SourceVersionDate "2012.08.24"]
[SourceQuality "1"]

1. d4 Nf6 2. Nf3 g6 3. c4 Bg7 4. Nc3 0-0 5. e4 d6 6. Be2 c6 7. 0-0 e5 8. dxe5 dxe5 9. Qxd8 Rxd8 10. Bg5 Re8 11. Rad1 Na6 12. Ne1 Nc5 13. f3 a5 14. Nc2 a4 15. Rd2 Be6 16. Rfd1 Nh5 17. Be3 Bf8 18. g3 Ng7 19. Bf1 f5 20. Na3 fxe4 21. fxe4 Nh5 22. Bg2 Be7 23. Bf3 Nf6 24. Kg2 Rf8 25. h3 h5 26. Rf1 Nh7 27. Kh2 Ng5 28. Bxg5 Bxg5 29. Rdd1 Rad8 30. Rxd8 Rxd8 31. Rd1 Rf8 32. Rf1 Bd2 33. Ncb1 Be3 34. Nc2 Bg5 35. Nc3 Bxc4 36. Rf2 Nd3 0-1

[Event "Le Touquet op 26th"]
[Site "Le Touquet"]
[Date "2011.10.26"]
[Round "6"]
[White "Feryn, Alexandre"]
[Black "O'Sullivan, Thomas"]
[Result "1-0"]
[WhiteElo "2062"]
[BlackElo "1810"]
[PlyCount "45"]
[EventDate "2011.10.22"]
[EventType "swiss"]
[EventRounds "9"]
[EventCountry "FRA"]
[SourceTitle "EXT 2012"]
[Source "ChessBase"]
[SourceDate "2011.11.24"]
[SourceVersion "1"]
[SourceVersionDate "2011.11.24"]
[SourceQuality "1"]

1. d4 Nf6 2. c4 g6 3. Nc3 Bg7 4. e4 d6 5. Nf3 0-0 6. Be2 e5 7. 0-0 c6 8. h3 Qe7 9. dxe5 dxe5 10. Be3 Nh5 11. Na4 b6 12. Qc1 Nf4 13. Bxf4 exf4 14. Qxf4 Qb4 15. Bd1 Qxc4 16. Bb3 Qb4 17. Rac1 b5 18. Nc5 Na6 19. Nxa6 Bxa6 20. Ng5 Qe7 21. Rxc6 h6 22. Nxf7 Bb7 23. Rc7 1-0

[Event "La Fere op 10th"]
[Site "La Fere"]
[Date "2011.07.09"]
[Round "9.11"]
[White "Dumas, Victor"]
[Black "Feryn, Alexandre"]
[Result "1/2-1/2"]
[WhiteElo "1929"]
[BlackElo "2063"]
[PlyCount "76"]
[EventDate "2011.07.02"]
[EventType "swiss"]
[EventRounds "9"]
[EventCountry "FRA"]
[SourceTitle "EXT 2012"]
[Source "ChessBase"]
[SourceDate "2011.11.24"]
[SourceVersion "1"]
[SourceVersionDate "2011.11.24"]
[SourceQuality "1"]

1. e4 c5 2. d4 cxd4 3. c3 Nf6 4. e5 Nd5 5. Nf3 e6 6. cxd4 d6 7. Nc3 Nxc3 8. bxc3 Qc7 9. Qc2 Nd7 10. Bf4 dxe5 11. Bxe5 Nxe5 12. Nxe5 Bd6 13. Bb5+ Ke7 14. Nf3 a6 15. Bd3 b5 16. 0-0 Bb7 17. Be4 Rac8 18. Bxb7 Qxb7 19. Qd3 Qc6 20. Rfc1 h5 21. a4 Qc4 22. Qxc4 Rxc4 23. axb5 axb5 24. Ra7+ Kf6 25. Nd2 Rc7 26. Rxc7 Bxc7 27. Rb1 Rb8 28. h3 Kf5 29. Kf1 e5 30. Nf3 f6 31. Ke2 Ke4 32. dxe5 fxe5 33. Nd2+ Kd5 34. f3 Kc5 35. Ne4+ Kc6 36. Ra1 Kb6 37. Ra2 Rg8 38. Rb2 Kc6 1/2-1/2

[Event "La Fere op"]
[Site "La Fere"]
[Date "2010.07.05"]
[Round "3"]
[White "Feryn, Alexandre"]
[Black "Defrance, Laurent"]
[Result "1/2-1/2"]
[WhiteElo "2061"]
[BlackElo "2203"]
[PlyCount "50"]
[EventDate "2010.07.03"]
[EventType "swiss"]
[EventRounds "9"]
[EventCountry "FRA"]
[SourceTitle "CBM 137 Extra"]
[Source "ChessBase"]
[SourceDate "2010.09.01"]
[SourceVersion "1"]
[SourceVersionDate "2010.09.01"]
[SourceQuality "1"]

1. e4 e5 2. Nf3 Nf6 3. Nxe5 d6 4. Nf3 Nxe4 5. d4 d5 6. Bd3 Nc6 7. 0-0 Bg4 8. Re1 Be7 9. c3 Nf6 10. Nbd2 0-0 11. Nf1 Re8 12. h3 Bh5 13. Bg5 Ne4 14. Bxe7 Rxe7 15. Ng3 Nxg3 16. fxg3 Rxe1+ 17. Qxe1 Bxf3 18. gxf3 Qd7 19. Kg2 Re8 20. Qd2 Qe6 21. Rd1 h6 22. Qf4 Re7 23. g4 g5 24. Qg3 Qe3 25. h4 f6 1/2-1/2

[Event "La Fere op"]
[Site "La Fere"]
[Date "2010.07.05"]
[Round "4"]
[White "Paillard, Maximilien"]
[Black "Feryn, Alexandre"]
[Result "0-1"]
[WhiteElo "1573"]
[BlackElo "2061"]
[PlyCount "76"]
[EventDate "2010.07.03"]
[EventType "swiss"]
[EventRounds "9"]
[EventCountry "FRA"]
[SourceTitle "CBM 137 Extra"]
[Source "ChessBase"]
[SourceDate "2010.09.01"]
[SourceVersion "1"]
[SourceVersionDate "2010.09.01"]
[SourceQuality "1"]

1. d4 Nf6 2. c4 g6 3. Nc3 Bg7 4. Nf3 0-0 5. e4 d6 6. Be2 e5 7. d5 a5 8. h3 Na6 9. g4 Nc5 10. Qc2 c6 11. Be3 cxd5 12. cxd5 b6 13. Rg1 Ba6 14. Bxa6 Nxa6 15. a3 Rc8 16. Qd3 Nc5 17. Bxc5 Rxc5 18. Nd2 Nd7 19. Qg3 Qf6 20. Nb3 Rc4 21. Nd2 Rc7 22. g5 Qf4 23. Nb3 Rfc8 24. Qe3 Nc5 25. Nxc5 Rxc5 26. Ke2 b5 27. Rg4 Qxe3+ 28. Kxe3 f6 29. gxf6 Bxf6 30. Rgg1 Kf7 31. Kf3 Ke7 32. Ne2 Bh4 33. Rac1 Rf8+ 34. Kg4 Bxf2 35. Rgf1 Rxc1 36. Rxc1 h5+ 37. Kg5 Be3+ 38. Kxg6 Bxc1 0-1

[Event "La Fere op"]
[Site "La Fere"]
[Date "2010.07.03"]
[Round "1"]
[White "Feryn, Alexandre"]
[Black "Azzouz, Belkhelfa"]
[Result "1-0"]
[WhiteElo "2061"]
[BlackElo "1841"]
[PlyCount "43"]
[EventDate "2010.07.03"]
[EventType "swiss"]
[EventRounds "9"]
[EventCountry "FRA"]
[SourceTitle "CBM 137 Extra"]
[Source "ChessBase"]
[SourceDate "2010.09.01"]
[SourceVersion "1"]
[SourceVersionDate "2010.09.01"]
[SourceQuality "1"]

1. e4 e5 2. Nf3 Nc6 3. Bb5 a6 4. Bxc6 dxc6 5. 0-0 Bg4 6. h3 h5 7. d3 Bd6 8. Nbd2 Qf6 9. Re1 Be6 10. d4 h4 11. Nb3 Rh5 12. Nxe5 Rxe5 13. dxe5 Bxe5 14. Qh5 g6 15. Qe2 Rd8 16. Nc5 Bc8 17. c3 Ne7 18. Be3 g5 19. Rad1 Ng6 20. Rxd8+ Kxd8 21. Qd2+ Ke8 22. Bxg5 1-0

[Event "FRA-ch U18"]
[Site "Troyes"]
[Date "2010.04.15"]
[Round "6"]
[White "Ollier, Pablo"]
[Black "Feryn, Alexandre"]
[Result "1/2-1/2"]
[WhiteElo "2294"]
[BlackElo "2061"]
[PlyCount "107"]
[EventDate "2010.04.11"]
[EventType "swiss"]
[EventRounds "9"]
[EventCountry "FRA"]
[SourceTitle "EXT 2012"]
[Source "ChessBase"]
[SourceDate "2011.11.24"]
[SourceVersion "1"]
[SourceVersionDate "2011.11.24"]
[SourceQuality "1"]

1. d4 Nf6 2. c4 g6 3. Nc3 Bg7 4. e4 d6 5. Nf3 0-0 6. Be2 e5 7. dxe5 dxe5 8. Qxd8 Rxd8 9. Nd5 Nxd5 10. cxd5 c6 11. Bc4 b5 12. Bb3 Bb7 13. Bg5 Rd7 14. Rc1 a5 15. a3 a4 16. Ba2 b4 17. axb4 cxd5 18. Bxd5 Na6 19. Bxb7 Rxb7 20. Rc4 Rxb4 21. Rxb4 Nxb4 22. Ke2 Nc6 23. Rc1 Na5 24. Nd2 Rb8 25. Rc5 Ra8 26. Be3 Nb7 27. Rc7 Nd8 28. Ra7 Rxa7 29. Bxa7 Ne6 30. Be3 Nf4+ 31. Kf1 Nd3 32. Nb1 Nxb2 33. Bc1 Nc4 34. Ke2 Bf8 35. Kd3 a3 36. Nc3 Na5 37. Kc2 Bc5 38. f3 Nc6 39. Nb5 Nb4+ 40. Kb3 Nd3 41. Bd2 Be7 42. Nxa3 Nc5+ 43. Kb2 Ne6 44. Nb5 Bc5 45. Kb3 Bg1 46. h3 Bh2 47. Nc3 Bf4 48. Be1 Be3 49. Ne2 f6 50. Kc4 Kf7 51. Ba5 Ke7 52. Nc3 Bd4 53. Nd5+ Kf7 54. Bb4 1/2-1/2

[Event "FRA-ch op-A"]
[Site "Nimes"]
[Date "2009.08.20"]
[Round "9"]
[White "Candy, Romain"]
[Black "Feryn, Alexandre"]
[Result "1-0"]
[WhiteElo "2112"]
[BlackElo "1994"]
[PlyCount "121"]
[EventDate "2009.08.11"]
[EventType "swiss"]
[EventRounds "11"]
[EventCountry "FRA"]
[SourceTitle "CBM 132 Extra"]
[Source "ChessBase"]
[SourceDate "2009.11.03"]
[SourceVersion "1"]
[SourceVersionDate "2009.11.03"]
[SourceQuality "1"]

1. e4 c5 2. Nf3 e6 3. d4 cxd4 4. Nxd4 a6 5. Nc3 Qc7 6. Bd3 Nf6 7. 0-0 Nc6 8. Be3 Nxd4 9. Bxd4 Bc5 10. Bxc5 Qxc5 11. Kh1 b5 12. Qe1 d6 13. f3 0-0 14. a4 b4 15. Na2 a5 16. c3 Rb8 17. cxb4 axb4 18. Rc1 Qd4 19. Qe2 d5 20. exd5 exd5 21. Rfd1 Qh4 22. Bb5 Be6 23. Qe1 Qxe1+ 24. Rxe1 Ne8 25. Nxb4 Nd6 26. Nc6 Rb7 27. Nd4 Bd7 28. Bxd7 Rxd7 29. Kg1 g6 30. Kf2 Rb8 31. b3 Rb4 32. Red1 Nb7 33. Rd3 Nd8 34. Rc8 Kg7 35. Rxd8 Rxd8 36. Nc6 Rdb8 37. Nxb8 Rxb8 38. Ke3 Rb4 39. a5 Rb5 40. a6 Ra5 41. b4 Rxa6 42. Rxd5 Ra1 43. Kd4 Ra2 44. b5 Rxg2 45. b6 Rd2+ 46. Kc5 Rxh2 47. b7 Rb2 48. Kc6 Rxb7 49. Kxb7 f5 50. Rd7+ Kh6 51. Rf7 Kg5 52. Rxh7 Kf4 53. Rg7 g5 54. Rf7 Kxf3 55. Rxf5+ Kg4 56. Rf8 Kh3 57. Kc6 g4 58. Kd5 g3 59. Ke4 g2 60. Kf3 Kh2 61. Rh8+ 1-0

[Event "La Fere op 8th"]
[Site "La Fere"]
[Date "2009.07.07"]
[Round "5"]
[White "Feryn, Alexandre"]
[Black "Venkatesh, Marani Rajendran"]
[Result "0-1"]
[WhiteElo "1994"]
[BlackElo "2426"]
[PlyCount "134"]
[EventDate "2009.07.04"]
[EventType "swiss"]
[EventRounds "9"]
[EventCountry "FRA"]
[SourceTitle "CBM 131 Extra"]
[Source "ChessBase"]
[SourceDate "2009.09.03"]
[SourceVersion "2"]
[SourceVersionDate "2009.09.16"]
[SourceQuality "1"]

1. e4 c5 2. Nf3 Nc6 3. Bb5 Nf6 4. Bxc6 dxc6 5. d3 g6 6. h3 Bg7 7. 0-0 Nd7 8. Nbd2 0-0 9. Qe2 e5 10. Nc4 h6 11. a4 a5 12. Bd2 Qc7 13. Nh2 Kh7 14. f4 b5 15. axb5 cxb5 16. Ne3 exf4 17. Nd5 Qc6 18. c3 Nb6 19. Ne7 Qe6 20. Nxc8 Rfxc8 21. Rxf4 Kg8 22. Raf1 Rf8 23. Be3 Nd7 24. R4f2 f5 25. exf5 gxf5 26. Qd2 Rae8 27. Bf4 b4 28. Nf3 Qb6 29. Qc2 b3 30. Qd1 a4 31. Nd2 Qe6 32. Nc4 Kh7 33. Bd6 Rf7 34. Bg3 Ref8 35. Qf3 Qg6 36. Bd6 Rd8 37. Ra1 Nb6 38. Ne5 Bxe5 39. Bxe5 Ra8 40. h4 Raa7 41. h5 Qg4 42. Bb8 Qxf3 43. Rxf3 Ra8 44. Bd6 a3 45. bxa3 b2 46. Rb1 Na4 47. d4 cxd4 48. cxd4 Rb7 49. Bb4 Rc8 50. Rxf5 Rc1+ 51. Rf1 Rbc7 52. Bc5 Rc2 53. Rf2 Rxf2 54. Kxf2 Nc3 55. Rxb2 Nd1+ 56. Kf3 Nxb2 57. Ke4 Na4 58. Kd5 Rg7 59. Kc6 Rxg2 60. Kb5 Nc3+ 61. Kc4 Ne4 62. Kd5 Nf6+ 63. Ke6 Nxh5 64. d5 Nf4+ 65. Ke5 Nd3+ 66. Kd4 Nxc5 67. Kxc5 h5 0-1

[Event "FRA-ch U18"]
[Site "Aix les Bains"]
[Date "2009.04.26"]
[Round "9"]
[White "Feryn, Alexandre"]
[Black "Sochacki, Wojtek"]
[Result "0-1"]
[WhiteElo "1989"]
[BlackElo "2212"]
[PlyCount "70"]
[EventDate "2009.04.19"]
[EventType "swiss"]
[EventRounds "9"]
[EventCountry "FRA"]
[SourceTitle "CBM 130 Extra"]
[Source "ChessBase"]
[SourceDate "2009.07.02"]
[SourceVersion "2"]
[SourceVersionDate "2009.07.15"]
[SourceQuality "1"]

1. e4 c5 2. Nf3 d6 3. c3 Nf6 4. Be2 Bd7 5. d3 Nc6 6. 0-0 g6 7. Nbd2 Bg7 8. Re1 0-0 9. Bf1 Rc8 10. a4 Ne8 11. Nc4 Bg4 12. h3 Bxf3 13. Qxf3 Ne5 14. Nxe5 dxe5 15. Bg5 h6 16. Be3 Qd6 17. Qg3 Nc7 18. f4 exf4 19. Qxf4 Qxf4 20. Bxf4 e5 21. Be3 Ne6 22. Be2 Kh7 23. Rf1 Rcd8 24. Rad1 h5 25. g4 Bh6 26. Bxh6 Kxh6 27. Rf3 Nf4 28. Bf1 hxg4 29. hxg4 Kg5 30. Rg3 Rh8 31. Bg2 Ne2+ 32. Kf2 Nxg3 33. Kxg3 Rh4 34. Bh3 Rdh8 35. Rh1 Rxg4+ 0-1

[Event "FRA-ch U18"]
[Site "Aix les Bains"]
[Date "2009.04.24"]
[Round "7"]
[White "Charrais, Kevin"]
[Black "Feryn, Alexandre"]
[Result "0-1"]
[WhiteElo "1858"]
[BlackElo "1989"]
[PlyCount "66"]
[EventDate "2009.04.19"]
[EventType "swiss"]
[EventRounds "9"]
[EventCountry "FRA"]
[SourceTitle "CBM 130 Extra"]
[Source "ChessBase"]
[SourceDate "2009.07.02"]
[SourceVersion "2"]
[SourceVersionDate "2009.07.15"]
[SourceQuality "1"]

1. e4 c5 2. Nf3 e6 3. d4 cxd4 4. c3 Nf6 5. e5 Nd5 6. cxd4 d6 7. Nc3 Nxc3 8. bxc3 Qc7 9. Bd2 Nd7 10. exd6 Bxd6 11. Bd3 Nf6 12. 0-0 h6 13. Re1 0-0 14. Qc1 Nd5 15. g3 Qe7 16. a3 b6 17. Ne5 Bxe5 18. Rxe5 Qf6 19. Rh5 Qf3 20. Rh4 Nf6 21. Bxh6 Bb7 22. Kf1 Qxd3+ 23. Ke1 Ba6 24. Qe3 Qxe3+ 25. Bxe3 Rac8 26. Rc1 Bb7 27. Ke2 Bd5 28. f3 Rc4 29. Bg5 Nh7 30. Be7 Re8 31. Bd6 Ng5 32. Rf4 f6 33. Kd3 Nf7 0-1

[Event "Le Touquet op-A"]
[Site "Le Touquet"]
[Date "2008.10.30"]
[Round "7"]
[White "Larmuseau, Maarten"]
[Black "Feryn, Alexandre"]
[Result "1-0"]
[WhiteElo "2071"]
[BlackElo "1941"]
[PlyCount "89"]
[EventDate "2008.10.25"]
[EventType "swiss"]
[EventRounds "9"]
[EventCountry "FRA"]
[SourceTitle "EXT 2009"]
[Source "ChessBase"]
[SourceDate "2008.11.26"]
[SourceVersion "1"]
[SourceVersionDate "2008.11.26"]
[SourceQuality "1"]

1. e4 c5 2. Nc3 a6 3. g3 b5 4. Bg2 Bb7 5. d3 e6 6. f4 Nf6 7. Nf3 b4 8. Ne2 d5 9. e5 Nfd7 10. c3 a5 11. 0-0 Nc6 12. Be3 Be7 13. Qc2 0-0 14. c4 Qb6 15. cxd5 exd5 16. Bh3 f5 17. d4 g6 18. Qd2 Nd8 19. g4 Kh8 20. gxf5 gxf5 21. Ng3 Qg6 22. Qc2 cxd4 23. Nxd4 Qh6 24. Qc7 Qxh3 25. Qxd7 Rg8 26. Bf2 Bc5 27. Qxf5 Qxf5 28. Ndxf5 Ne6 29. Bxc5 Nxc5 30. Nd4 Ne4 31. Rf3 h5 32. Kh1 h4 33. Ngf5 Raf8 34. Nxh4 Rg4 35. Ng2 Rfg8 36. Nf5 Kh7 37. Nfe3 R4g6 38. f5 Rg5 39. Rc1 R8g7 40. h4 Rg3 41. Rxg3 Nxg3+ 42. Kh2 Ne2 43. Rc2 Nd4 44. Rf2 Rf7 45. f6 1-0

[Event "La Fere op 7th"]
[Site "La Fere"]
[Date "2008.07.10"]
[Round "7"]
[White "Ringoir, Tanguy"]
[Black "Feryn, Alexandre"]
[Result "1-0"]
[WhiteElo "2321"]
[BlackElo "1940"]
[PlyCount "103"]
[EventDate "2008.07.05"]
[EventType "swiss"]
[EventRounds "9"]
[EventCountry "FRA"]
[SourceTitle "CBM 125 Extra"]
[Source "ChessBase"]
[SourceDate "2008.09.01"]
[SourceVersion "1"]
[SourceVersionDate "2008.09.01"]
[SourceQuality "1"]

1. e4 c5 2. Nc3 a6 3. f4 b5 4. Nf3 Bb7 5. d3 e6 6. Qe2 Nf6 7. g3 Be7 8. e5 Nd5 9. Ne4 Nc6 10. c3 d6 11. exd6 Bxd6 12. Nxd6+ Qxd6 13. Bg2 0-0 14. 0-0 Rfd8 15. Nd2 Nf6 16. Nb3 Rab8 17. Be3 Qxd3 18. Qxd3 Rxd3 19. Bxc5 Nd8 20. Rfd1 Rxd1+ 21. Rxd1 Bxg2 22. Kxg2 Nb7 23. Kf3 Rc8 24. Bg1 Kf8 25. Rd4 Ke7 26. a4 Nd6 27. axb5 axb5 28. Rd2 Nfe4 29. Rd1 f5 30. Ra1 Rc7 31. Nd4 h6 32. Ra6 Rb7 33. Nc6+ Kd7 34. Na5 Rc7 35. Bb6 Rc8 36. Ra7+ Ke8 37. Rxg7 Nd2+ 38. Ke2 N2c4 39. Nxc4 Nxc4 40. Bd4 Nxb2 41. Rb7 Na4 42. Kd2 Nc5 43. Rxb5 Ne4+ 44. Kc2 Kf7 45. Rb7+ Kg6 46. Re7 Rc6 47. Kb3 Nd2+ 48. Kb4 Nf3 49. Be5 Nxe5 50. fxe5 Kg5 51. Rg7+ Kh5 52. c4 1-0